|
|
|
|
| LEADER |
00000nam a2200000 a 4500 |
| 001 |
vtls010276908 |
| 003 |
SK-MaSNL |
| 005 |
20260301031730.0 |
| 008 |
240314s1958 xo a d 000 f hun |
| 020 |
|
|
|q (viaz.)
|
| 040 |
|
|
|a SNK
|b slo
|c SNK
|e AACR2
|
| 041 |
1 |
|
|a hun
|h rus
|
| 044 |
|
|
|a xo
|c SK
|
| 072 |
|
7 |
|a 821.161.1
|x Ruská literatúra
|2 konspekt
|
| 080 |
|
|
|a 821.161.1-31
|2 2001
|
| 100 |
1 |
|
|a Tolstoj, Aleksej Konstantinovič,
|d 1817-1875
|4 aut
|9 249948
|
| 240 |
1 |
0 |
|a Semennoje sčast'je
|l Maďarsky
|
| 245 |
1 |
0 |
|a Családi boldogság
|c Lev Tolsztoj ; [fordította Szöllösy Klára]
|
| 260 |
|
|
|a [Bratislava]
|b Szlovákiai Szépirodalmi Könyvkiadó
|c 1958
|
| 300 |
|
|
|a 192 s.
|b ilustr.
|c 17 cm
|
| 655 |
|
7 |
|a ruské romány
|2 SNKPH
|9 70514
|
| 700 |
1 |
|
|a Szőllősy, Klára,
|d 1913-1970
|4 trl
|9 183518
|
| 999 |
|
|
|c 577225
|d 579155
|
| 952 |
|
|
|a SNK
|b SNK
|y PREZ
|7 0
|p 17A0702190
|o snkSD 80125
|i snk2011/10480
|8 1
|0 0
|1 0
|4 0
|d 2011-05-09
|l 0
|r 2025-11-27 00:00:00
|w 2026-02-23
|